V súčasnosti tatranských lesov

Bibliographic Details
Main Authors: Fábry, Jozef, 1942- (Author), Olachová, Helena (Author)
Format: Article
Language:Slovak
PhysicalDescription:Obr. 3.
Subjects:

MARC

LEADER 00000nab a2200000 a 4500
001 vtls000327715
003 SK-MaSNL
005 20260303203725.0
008 230120c1988 xo 0 slo
015 |a SNBRB19rr/mm-uuuuu 
035 |a CL0327837 
035 |a urn:nbn:sk:snk-ab2czq 
035 |a (urnnbn)urn:nbn:sk:snk:ar-a0266m 
035 |a (uuid)443ad622-d508-4d60-b870-271752885565 
040 |a SNKBUCL  |b slo  |c SNKBUCL  |e AACR2 
041 0 |a slo 
044 |a xo  |c SK 
080 |a 502.4:630 4  |2 1981 
080 |a 630 4  |2 1981 
080 |a 630 2  |2 1981 
080 |a 502.4  |2 1981 
100 1 |a Fábry, Jozef,  |d 1942-  |4 aut  |9 38996 
245 1 0 |a V súčasnosti tatranských lesov  |c Jozef Fábry, Helena Olachová 
300 |b Obr. 3. 
650 0 7 |a lesy  |2 snkbucl  |9 1437 
651 7 |a Tatranský národný park (Slovensko)  |2 snkbucl  |9 106968 
651 7 |a Vysoké Tatry (Poľsko a Slovensko : pohorie)  |2 snkbucl  |9 67729 
655 7 |a články z novín a časopisov  |2 snkbucl  |9 267496 
700 1 |a Olachová, Helena  |4 aut  |9 906191 
773 0 |t Les  |g Roč. 44, č. 8 (1988), s. 361-365 
850 |a Slovenská národná knižnica v Martine  |a MTA001 
852 |a SNK  |b KIS3GCP 
954 |a odborná, vedecká literatúra pôvodná (slovenská)  |2 lita 
958 |a OND 
958 |a RK 
958 |a EUIPO 
958 |a article2022 
992 |a RBX 
999 |c 2186839  |d 2188769